LEADER 01163nam a2200229 i 4500 001 000000243285 003 CaOOAMICUS 005 20150629000000.0 008 150629s2001 it u000 u ita u 013 $a222190 040 $aSeMil$bita 100 1 $aCattaneo, Katia.$0(OLS)http://semarc/name/82122 245 10$aStage estivo anno 2001 presso la Biblioteca del Seminario Arcivescovile di Milano, Venegono inferiore, Varese /$cKatia Cattaneo. 260 $aVenegono Inf. :$b[s.n.],$c2001. 300 $a1 v. ;$c30 cm + 1 album fotografico. 500 $aContiene : Note alle fotografie. 650 4$aMilano (Arcidiocesi) - Seminario Arcivescovile - Biblioteca.$0(OLS)http://semarc/subject/7022 850 $aSeMil 852 $aSeMil$W1$xVenegono$y1$m4X I 86/1$j242390$qTesi$B193631$CSeMilBibl$Z2$F204367 $8L 852 $aSeMil$W1$xVenegono$y1$m4X I 86/2$j242391$qAlbum fotografico$B246011$CSeMilBibl$Z2$F246011 $8L 996 $6245$aStage estivo anno 2001 presso la Biblioteca del Seminario Arcivescovile di Milano, Venegono inferiore, Varese$9(OLS)http://semarc/title/345099 996 $6260$aVenegono Inf. :$b[s.n.]$9(OLS)http://semarc/publisher/29944 LEADER 01180nam a2200289 i 4500 001 000000114993 003 CaOOAMICUS 005 20030507000000.0 008 030507s1982 it u000 u ita u 013 $a87681 020 $a88-211-7251-1 040 $aSeMil$bita 100 1 $aDi Marco, Angelico Salvatore,$c.$0(OLS)http://semarc/name/48056 245 13$aIl perfetto nei Vangeli :$bgrammatica ed esegesi /$cDi Marco Angelico Salvatore. 260 $aTorino :$bMarietti,$c1982. 300 $a127 p. ;$c22 cm. 490 0 $aRicerche e proposte ;$vN.2 500 $aFondo Card. C.M. Martini. 650 4$aBibbia - NT - Grammatica.$0(OLS)http://semarc/subject/20996 830 0$aRicerche e proposte ;$vN.2.$0(OLS)http://semarc/title/12207 850 $aSeMil 852 $aSeMil$W1$xVenegono$y1$m2V III 297$j270699$B70531$CSeMilBibl$Z2$F100099 $81 941 1 $a4 961 $aOmaggio: Martini Card. Carlo Maria 996 $6020$a88-211-7251-1$9(OLS)http://semarc/number/5324 996 $6245$aIl perfetto nei Vangeli :$bgrammatica ed esegesi$9(OLS)http://semarc/title/168260 996 $6260$aTorino :$bMarietti$9(OLS)http://semarc/publisher/29916